Guns N' Roses - Knockin' On Heaven's Door Lyrics Quiz - Statistics

General Stats
  • This quiz has been taken 9 times
  • The average score is 10 of 16
Answer Stats
Lyrics % Correct
I can't {use} {it} anymore
100%
Knock-knock-knockin' on {Heaven's} door
100%
Knock-knock-knockin' on {Heaven's} door
100%
Knock-knock-knockin' on {Heaven's} door
100%
Knock-knock-knockin' on {Heaven's} door
100%
Mama take this {badge} from me
100%
It's {getting} {dark}, too dark to see
89%
{Feels} like I'm knockin' on Heaven's door
78%
{Feels} like I'm knockin' on Heaven's door
78%
Mama put my {guns} in the ground
78%
I can't {shoot} them anymore
56%
That cold {black} {cloud} is comin' down
22%
The bank and the mortician, {forever}, man
22%
And it wouldn't be {luck} if you could get out of life alive"
11%
'Cause it's just you against your tattered {libido}
0%
"You just better start {sniffin'} your own rank subjugation, Jack
0%
No matching quizzes found
Score Distribution
Percent of People with Each Score
Percentile by Number Answered
Your Score History
You have not taken this quiz